000 01097nam a2200241 a 4500
001 80749
003 BD-RjUL
005 20221110124101.0
008 221107s1955 u ||||| |||| 00| 0 ar d
035 _a(BD-RjUL) 80749
040 _aBD-RjUL
_beng
_cBD-RjUL
_dBD-RjUL
041 _aara
082 _223
_a297.1226
_bTAF 1955
100 _4خازن البغدادي، علي بن محمد. إعداد سناء محمود عبد الله عابد.ʻAlī ibn Muḥammad Khāzin al-Baghdādī; Sanāʼ bint Maḥmūd ʻAbd Allāh ʻĀbid
245 _aتفسير الخازن : المسمى لباب التأويل في معاني التنزيل [tafsir alkhazin almusamaa libab altaawil fi maeani altanzil /
_cعلي بن محمد خازن البغداد. Alī ibn Muḥammad Khāzin al-Baghdādī; Sanāʼ bint Maḥmūd ʻAbd Allāh ʻĀbid
250 _a3rd.ed.
260 _aMisr :
_bmatbaat mestafa albani ,
_c1955
300 _a v. 1-4 ;
_c28 cm
500 _aIncludes Index
505 _aVol..3 .--
650 _aQurʼan
_vCommentaries
_9243643
_xEarly works to 1800.
942 _2ddc
_cBK
999 _c80749
_d80749